[Event "Bodenmais Arber op 10th"]
[Site "Bodenmais"]
[Date "2023.08.09"]
[Round "5"]
[White "Meertens, Martin"]
[Black "Ochs, Daniel Elias"]
[Result "0-1"]
[WhiteElo "2079"]
[BlackElo "2207"]
[PlyCount "82"]
[EventDate "2023.08.05"]
[EventType "swiss"]
[EventRounds "9"]
[EventCountry "GER"]
[SourceTitle "EXT 2024"]
[Source "ChessBase"]
[SourceDate "2023.10.10"]
[SourceVersion "1"]
[SourceVersionDate "2023.10.10"]
[SourceQuality "1"]

1. d4 e6 2. c4 f5 3. Nc3 Nf6 4. g3 d5 5. Bg2 c6 6. cxd5 exd5 7. Bf4 Be7 8. Nf3 0-0 9. 0-0 Nbd7 10. Ne5 Nxe5 11. Bxe5 Be6 12. Qc2 g5 13. f3 Nd7 14. f4 Nxe5 15. fxe5 Qe8 16. e3 Qh5 17. Rf2 Rf7 18. a3 Raf8 19. Raf1 Qh6 20. Qd2 Qg6 21. Ne2 h5 22. Kh1 Qh6 23. Nc1 h4 24. gxh4 Qxh4 25. Nd3 Rh7 26. Bf3 Kh8 27. Bd1 Rff7 28. b4 b6 29. Ne1 c5 30. Bc2 Rh6 31. Nf3 Qh5 32. bxc5 g4 33. Ne1 bxc5 34. dxc5 d4 35. Qxd4 Bh4 36. Rg2 Rd7 37. Qb2 Bxe1 38. Rxe1 g3 39. c6 Qf3 40. Ba4 Rxh2+ 41. Kg1 Rdh7 0-1

[Event "Bayern-chI Bank Hofmann 24th"]
[Site "Tegernsee"]
[Date "2021.11.02"]
[Round "4"]
[White "Meertens, Martin"]
[Black "Hoffmann, Michael"]
[Result "0-1"]
[WhiteElo "2146"]
[BlackElo "2441"]
[PlyCount "54"]
[EventDate "2021.10.30"]
[EventType "swiss"]
[EventRounds "9"]
[EventCountry "GER"]
[SourceTitle "CBM 205 Extra"]
[Source "ChessBase"]
[SourceDate "2022.01.31"]
[SourceVersion "1"]
[SourceVersionDate "2022.01.31"]
[SourceQuality "1"]

1. e4 c5 2. Nf3 Nc6 3. d4 cxd4 4. Nxd4 e6 5. Nxc6 bxc6 6. c4 Nf6 7. Bd3 d5 8. cxd5 cxd5 9. exd5 Qxd5 10. Be2 Qxd1+ 11. Bxd1 Bc5 12. Nc3 Ke7 13. Be3 Bxe3 14. fxe3 Rd8 15. Be2 Rb8 16. b3 Bb7 17. Rd1 Rdc8 18. Nb5 Rc2 19. a4 Bxg2 20. Rg1 Be4 21. Bc4 a5 22. Rxg7 Rxh2 23. Rg1 h5 24. Nd4 Ng4 25. Bd3 Bxd3 26. Rxd3 Rc8 27. Ne2 Ne5 0-1

[Event "Bayern-chI Bank Hofmann 24th"]
[Site "Tegernsee"]
[Date "2021.11.01"]
[Round "3"]
[White "Forchert, Martin"]
[Black "Meertens, Martin"]
[Result "1/2-1/2"]
[WhiteElo "2321"]
[BlackElo "2146"]
[PlyCount "67"]
[EventDate "2021.10.30"]
[EventType "swiss"]
[EventRounds "9"]
[EventCountry "GER"]
[SourceTitle "CBM 205 Extra"]
[Source "ChessBase"]
[SourceDate "2022.01.31"]
[SourceVersion "1"]
[SourceVersionDate "2022.01.31"]
[SourceQuality "1"]

1. e4 c5 2. Nf3 d6 3. Bb5+ Bd7 4. Bxd7+ Qxd7 5. c4 Nc6 6. Nc3 Nf6 7. d4 cxd4 8. Nxd4 e6 9. 0-0 Be7 10. Be3 0-0 11. Qe2 Nxd4 12. Bxd4 Qc6 13. f4 Rfe8 14. Kh1 Nd7 15. Rad1 a6 16. Rf3 Bf8 17. e5 Rad8 18. exd6 Bxd6 19. Ne4 Be7 20. b3 f5 21. Nc3 Bf6 22. Re3 Bxd4 23. Rxd4 Nf8 24. Red3 Rxd4 25. Rxd4 Re7 26. Qd2 Rd7 27. h3 Kf7 28. b4 b6 29. Kh2 Ke7 30. Qd3 Qc7 31. g3 g6 32. a3 Ke8 33. Na4 Qc6 34. Rxd7 1/2-1/2

[Event "Bayern-chI Bank Hofmann 24th"]
[Site "Tegernsee"]
[Date "2021.10.31"]
[Round "2"]
[White "Weber, Ulrich"]
[Black "Meertens, Martin"]
[Result "1/2-1/2"]
[WhiteElo "2346"]
[BlackElo "2146"]
[PlyCount "80"]
[EventDate "2021.10.30"]
[EventType "swiss"]
[EventRounds "9"]
[EventCountry "GER"]
[SourceTitle "CBM 205 Extra"]
[Source "ChessBase"]
[SourceDate "2022.01.31"]
[SourceVersion "1"]
[SourceVersionDate "2022.01.31"]
[SourceQuality "1"]

1. Nf3 d5 2. g3 g6 3. Bg2 Bg7 4. 0-0 e5 5. d3 Ne7 6. e4 0-0 7. Nc3 Nbc6 8. Bg5 h6 9. Bd2 dxe4 10. dxe4 Nd4 11. Nb1 Be6 12. c3 Nxf3+ 13. Bxf3 Qd7 14. Be3 Rfd8 15. Qe2 a6 16. Rc1 Nc6 17. Nd2 Bf8 18. Nb3 Bxb3 19. axb3 Qe6 20. b4 Na7 21. Rd1 Nb5 22. Qc2 h5 23. Kg2 Be7 24. h4 Nd6 25. b3 Nb5 26. Be2 Qc6 27. Rxd8+ Rxd8 28. Bc4 Nd6 29. Bd5 Qd7 30. Rd1 Qg4 31. f3 Qc8 32. Bc4 Nxc4 33. Rxd8+ Qxd8 34. bxc4 Qd7 35. c5 c6 36. Qb1 Kf8 37. Qc2 Ke8 38. Qb1 Qe6 39. Bf2 Qd7 40. Qc2 Qe6 1/2-1/2

[Event "Bodensee op"]
[Site "Bregenz"]
[Date "2019.05.30"]
[Round "6"]
[White "Meertens, Martin"]
[Black "Kozissnik, Christian"]
[Result "1-0"]
[WhiteElo "2174"]
[BlackElo "1969"]
[PlyCount "45"]
[EventDate "2019.05.25"]
[EventType "swiss"]
[EventRounds "9"]
[EventCountry "AUT"]
[SourceTitle "CBM 190 Extra"]
[Source "ChessBase"]
[SourceDate "2019.07.15"]
[SourceVersion "1"]
[SourceVersionDate "2019.07.15"]
[SourceQuality "1"]

1. e4 e6 2. d4 d5 3. Nd2 Nf6 4. e5 Nfd7 5. Bd3 c5 6. c3 Nc6 7. Ne2 b5 8. Bxb5 Qb6 9. Qa4 Bb7 10. 0-0 a6 11. Bxc6 Bxc6 12. Qd1 a5 13. b3 a4 14. Ba3 cxd4 15. Bxf8 dxc3 16. Bd6 cxd2 17. Qxd2 h6 18. bxa4 Rxa4 19. Rfb1 Qa7 20. Rb2 f6 21. Qc2 Nxe5 22. Bxe5 Rc4 23. Qg6+ 1-0

[Event "Mittelrhein Regionalliga 18/19"]
[Site "Nordrheinwestfalen"]
[Date "2019.02.10"]
[Round "7.1"]
[White "Loifenfeld, Jakov"]
[Black "Meertens, Martin"]
[Result "1/2-1/2"]
[WhiteElo "2410"]
[BlackElo "2160"]
[PlyCount "55"]
[EventDate "2018.10.28"]
[EventType "team-tourn"]
[EventRounds "11"]
[EventCountry "GER"]
[SourceTitle "EXT 2022"]
[Source "ChessBase"]
[SourceDate "2021.10.06"]
[SourceVersion "1"]
[SourceVersionDate "2021.10.06"]
[SourceQuality "1"]
[WhiteTeam "Bruehl"]
[BlackTeam "Koeln SF II"]
[WhiteTeamCountry "GER"]
[BlackTeamCountry "GER"]

1. d4 d5 2. Bf4 c6 3. Nc3 Nf6 4. f3 e6 5. e4 dxe4 6. fxe4 Bb4 7. Qd3 0-0 8. Nf3 b6 9. 0-0-0 Ba6 10. Qe3 Bxc3 11. bxc3 Qe7 12. c4 Ng4 13. Qe1 f5 14. Bd3 Qa3+ 15. Kb1 fxe4 16. Qxe4 Qb4+ 17. Kc1 Qa3+ 18. Kd2 Nf6 19. Qxe6+ Kh8 20. Bd6 Qa5+ 21. Kc1 Re8 22. Qf5 Qxa2 23. Kd2 Bc8 24. Qg5 h6 25. Qg6 Qa5+ 26. Kc1 Qa1+ 27. Kd2 Qa5+ 28. Kc1 1/2-1/2

[Event "Mittelrhein Regionalliga 18/19"]
[Site "Nordrheinwestfalen"]
[Date "2018.09.02"]
[Round "1.1"]
[White "Meertens, Martin"]
[Black "Hamblok, Roel"]
[Result "1/2-1/2"]
[WhiteElo "2146"]
[BlackElo "2285"]
[PlyCount "56"]
[EventDate "2018.10.28"]
[EventType "team-tourn"]
[EventRounds "11"]
[EventCountry "GER"]
[SourceTitle "EXT 2022"]
[Source "ChessBase"]
[SourceDate "2021.10.06"]
[SourceVersion "1"]
[SourceVersionDate "2021.10.06"]
[SourceQuality "1"]
[WhiteTeam "Koeln SF II"]
[BlackTeam "Wuerselen"]
[WhiteTeamCountry "GER"]
[BlackTeamCountry "GER"]

1. e4 c6 2. d4 d5 3. Nc3 dxe4 4. Nxe4 Nf6 5. Nxf6+ exf6 6. Nf3 Bd6 7. Be2 0-0 8. 0-0 Qc7 9. c4 Re8 10. g3 Bg4 11. Re1 Nd7 12. Nh4 Bh3 13. Bf1 Bxf1 14. Kxf1 g6 15. Ng2 Qa5 16. Bf4 Rxe1+ 17. Qxe1 Bb4 18. Qe2 Rd8 19. a3 Bf8 20. Rd1 Qa4 21. Rc1 Nb6 22. Be3 f5 23. Ne1 Bg7 24. Nf3 Qa6 25. Bg5 Rc8 26. Bf4 h6 27. Be5 Re8 28. Qd3 Bf8 1/2-1/2

[Event "Mittelrhein Regionalliga 1718"]
[Site "Nordrheinwestfalen"]
[Date "2018.05.06"]
[Round "9.2"]
[White "Weigant, Wladimir"]
[Black "Meertens, Martin"]
[Result "1-0"]
[WhiteElo "2165"]
[BlackElo "2142"]
[PlyCount "55"]
[EventDate "2017.09.10"]
[EventType "team-tourn"]
[EventRounds "9"]
[EventCountry "GER"]
[SourceTitle "EXT 2022"]
[Source "ChessBase"]
[SourceDate "2021.10.06"]
[SourceVersion "1"]
[SourceVersionDate "2021.10.06"]
[SourceQuality "1"]
[WhiteTeam "Bonn Stadtverwaltung"]
[BlackTeam "Klub Koelner SF II"]
[WhiteTeamCountry "GER"]
[BlackTeamCountry "GER"]

1. Nf3 d5 2. g3 c6 3. Bg2 Bg4 4. c4 e6 5. b3 Nd7 6. Bb2 Ngf6 7. 0-0 Bd6 8. d3 0-0 9. Nbd2 Re8 10. h3 Bxf3 11. Bxf3 a5 12. a3 b5 13. Qc2 Qb6 14. Rac1 Be5 15. c5 Qd8 16. d4 Bb8 17. e4 dxe4 18. Nxe4 Nxe4 19. Bxe4 Qc8 20. Bxh7+ Kh8 21. Bd3 Nf6 22. Rce1 a4 23. b4 Ra7 24. Qd2 Rd7 25. d5 cxd5 26. Bxf6 gxf6 27. Qh6+ Kg8 28. Bxb5 1-0

[Event "Mittelrhein Regionalliga 1718"]
[Site "Nordrheinwestfalen"]
[Date "2017.09.10"]
[Round "1.5"]
[White "Rosskothen, Arnd"]
[Black "Meertens, Martin"]
[Result "0-1"]
[WhiteElo "2087"]
[BlackElo "2120"]
[PlyCount "78"]
[EventDate "2017.09.10"]
[EventType "team-tourn"]
[EventRounds "9"]
[EventCountry "GER"]
[SourceTitle "EXT 2022"]
[Source "ChessBase"]
[SourceDate "2021.10.06"]
[SourceVersion "1"]
[SourceVersionDate "2021.10.06"]
[SourceQuality "1"]
[WhiteTeam "Bonn Beuel"]
[BlackTeam "Klub Koelner SF II"]
[WhiteTeamCountry "GER"]
[BlackTeamCountry "GER"]

1. e4 c5 2. Nf3 d6 3. d4 cxd4 4. Nxd4 Nf6 5. Nc3 a6 6. Bg5 e6 7. Qf3 Be7 8. 0-0-0 Qc7 9. Be2 Nc6 10. Qg3 Bd7 11. Kb1 Rc8 12. Bxf6 Bxf6 13. Nxc6 Bxc6 14. Qxd6 Bxc3 15. Qxc7 Rxc7 16. bxc3 Bxe4 17. Kb2 Bxg2 18. Rhg1 Be4 19. Rd4 Bf5 20. Bd3 Bxd3 21. cxd3 g6 22. a4 Ke7 23. Kb3 Rhc8 24. c4 Rc5 25. Rh4 h5 26. Rf4 e5 27. Re4 f5 28. Re3 Kf6 29. h4 R8c6 30. Kb4 e4 31. Rc1 b5 32. axb5 axb5 33. Rce1 bxc4 34. dxe4 fxe4 35. Rxe4 c3 36. Kb3 c2 37. Rc1 Rb5+ 38. Rb4 Rxb4+ 39. Kxb4 Kf5 0-1

[Event "Barcelona Sant Marti op-A 19th"]
[Site "Barcelona"]
[Date "2017.07.17"]
[Round "5"]
[White "Anuj, Shrivatri"]
[Black "Meertens, Martin"]
[Result "1/2-1/2"]
[WhiteElo "1920"]
[BlackElo "2123"]
[PlyCount "38"]
[EventDate "2017.07.13"]
[EventType "swiss"]
[EventRounds "9"]
[EventCountry "ESP"]
[SourceTitle "EXT 2018"]
[Source "ChessBase"]
[SourceDate "2017.10.13"]
[SourceVersion "1"]
[SourceVersionDate "2017.10.13"]
[SourceQuality "1"]

1. d4 Nf6 2. c4 e6 3. Nf3 b6 4. a3 Bb7 5. Nc3 d5 6. cxd5 exd5 7. g3 Be7 8. Qa4+ c6 9. Ne5 Nfd7 10. Nd3 0-0 11. Bg2 Bf6 12. e3 Na6 13. 0-0 Nc7 14. Rd1 Re8 15. Nf4 Nf8 16. e4 Nfe6 17. exd5 cxd5 18. Nxe6 Nxe6 19. Be3 Qd6 1/2-1/2

[Event "Barcelona Sant Marti op-A 19th"]
[Site "Barcelona"]
[Date "2017.07.16"]
[Round "4"]
[White "Meertens, Martin"]
[Black "Kathmale, Sameer"]
[Result "0-1"]
[WhiteElo "2123"]
[BlackElo "2294"]
[PlyCount "130"]
[EventDate "2017.07.13"]
[EventType "swiss"]
[EventRounds "9"]
[EventCountry "ESP"]
[SourceTitle "EXT 2018"]
[Source "ChessBase"]
[SourceDate "2017.10.13"]
[SourceVersion "1"]
[SourceVersionDate "2017.10.13"]
[SourceQuality "1"]

1. e4 c6 2. d4 d5 3. Nc3 dxe4 4. Nxe4 Bf5 5. Ng3 Bg6 6. h4 h6 7. Nf3 e6 8. h5 Bh7 9. Bd3 Bxd3 10. Qxd3 Nf6 11. Bd2 c5 12. 0-0-0 Nc6 13. Be3 Rc8 14. Kb1 a6 15. Ne4 Nb4 16. Nxf6+ gxf6 17. Qe4 c4 18. Qxb7 Rb8 19. Qa7 Ra8 20. Qb7 Rb8 21. Qa7 Qc8 22. d5 Rb7 23. Qd4 Nxd5 24. Nd2 c3 25. Qa4+ Rb5 26. Nb3 Qc6 27. Rd3 Bg7 28. Bd4 0-0 29. Bxc3 Nxc3+ 30. Rxc3 Qxg2 31. Rd1 Rxh5 32. Qxa6 Qxf2 33. a4 f5 34. Rc8 Rxc8 35. Qxc8+ Kh7 36. a5 Qf3 37. Qd7 Rh1 38. Rxh1 Qxh1+ 39. Ka2 Qe4 40. Kb1 Qh1+ 41. Ka2 Qe4 42. Kb1 Qe1+ 43. Ka2 Qe2 44. Qc6 f4 45. a6 f3 46. a7 f2 47. a8Q f1Q 48. Qe4+ f5 49. Qec6 Qc4 50. Qac8 Qxc6 51. Qxc6 Qe2 52. Nc1 Qe3 53. Nd3 f4 54. Qe8 f3 55. Qf7 Qe4 56. Ka3 Qa8+ 57. Kb3 e5 58. Qf5+ Kh8 59. Nc5 Qd5+ 60. Kb4 Qd4+ 61. Kb5 Qf4 62. Qd3 f2 63. Qf1 Qf5 64. Kc6 e4 65. b4 e3 0-1

[Event "Barcelona Sant Marti op-A 19th"]
[Site "Barcelona"]
[Date "2017.07.13"]
[Round "1"]
[White "Meertens, Martin"]
[Black "Oliva Castaneda, Kevel"]
[Result "1/2-1/2"]
[WhiteElo "2123"]
[BlackElo "2497"]
[PlyCount "72"]
[EventDate "2017.07.13"]
[EventType "swiss"]
[EventRounds "9"]
[EventCountry "ESP"]
[SourceTitle "EXT 2018"]
[Source "ChessBase"]
[SourceDate "2017.10.13"]
[SourceVersion "1"]
[SourceVersionDate "2017.10.13"]
[SourceQuality "1"]

1. e4 c5 2. Nf3 e6 3. d4 cxd4 4. Nxd4 Nc6 5. Nxc6 bxc6 6. Bd3 d5 7. 0-0 Nf6 8. e5 Nd7 9. f4 Ba6 10. Qe2 Bxd3 11. cxd3 g6 12. Nc3 Be7 13. Kh1 Rb8 14. b3 Nc5 15. Ba3 Qa5 16. Bxc5 Bxc5 17. Rac1 Bd4 18. Qc2 0-0 19. Ne2 Be3 20. Rcd1 Rfc8 21. Rf3 Bc5 22. g4 Be7 23. f5 c5 24. Nf4 Qa6 25. Rdf1 Qc6 26. Qd2 Bg5 27. h4 Bxf4 28. Qxf4 Rb4 29. Qh6 exf5 30. gxf5 gxf5 31. Rg1+ Rg4 32. Rxg4+ fxg4 33. Rf6 Qd7 34. Qg5+ Kh8 35. Rd6 Qb7 36. Qf6+ Kg8 1/2-1/2

[Event "Mittelrhein Regionalliga 16/17"]
[Site "Nordrheinwestfalen"]
[Date "2016.10.02"]
[Round "2.4"]
[White "Meertens, Martin"]
[Black "Gikas, Andreas Basilius"]
[Result "1/2-1/2"]
[WhiteElo "2091"]
[BlackElo "2152"]
[PlyCount "79"]
[EventDate "2016.09.11"]
[EventType "team-tourn"]
[EventRounds "11"]
[EventCountry "GER"]
[SourceTitle "EXT 2022"]
[Source "ChessBase"]
[SourceDate "2021.10.06"]
[SourceVersion "1"]
[SourceVersionDate "2021.10.06"]
[SourceQuality "1"]
[WhiteTeam "Koeln SF II"]
[BlackTeam "Bonn Beuel"]
[WhiteTeamCountry "GER"]
[BlackTeamCountry "GER"]

1. e4 Nf6 2. e5 Nd5 3. d4 d6 4. c4 Nb6 5. exd6 cxd6 6. Nc3 g6 7. Nf3 Bg7 8. Be3 0-0 9. Rc1 Bg4 10. b3 d5 11. c5 Nc8 12. Be2 Nc6 13. 0-0 e6 14. h3 Bxf3 15. Bxf3 N8e7 16. Nb5 Nf5 17. Bg4 a6 18. Bxf5 axb5 19. Bb1 Qh4 20. Qd3 Ra5 21. Rcd1 Rfa8 22. Qd2 b4 23. Kh2 h6 24. Rfe1 e5 25. dxe5 Bxe5+ 26. g3 Qh5 27. Qe2 Qxe2 28. Rxe2 d4 29. Bxh6 Rxc5 30. Be4 Kh7 31. Bg5 Bxg3+ 32. fxg3 Rxg5 33. Bxc6 bxc6 34. Rxd4 Rga5 35. Rdd2 Kg7 36. Kg2 Rc5 37. Rd7 Rca5 38. Rdd2 Rc5 39. Rd7 Rca5 40. Rdd2 1/2-1/2

[Event "Bayern-chI Bank Hofmann 19th"]
[Site "Bad Wiessee"]
[Date "2015.11.05"]
[Round "6"]
[White "Morawietz, Dieter"]
[Black "Meertens, Martin"]
[Result "1-0"]
[WhiteElo "2409"]
[BlackElo "2139"]
[PlyCount "24"]
[EventDate "2015.10.31"]
[EventType "swiss"]
[EventRounds "9"]
[EventCountry "GER"]
[SourceTitle "EXT 2017"]
[Source "ChessBase"]
[SourceDate "2016.10.25"]
[SourceVersion "1"]
[SourceVersionDate "2016.10.25"]
[SourceQuality "1"]

1. e4 e5 2. Nf3 Nc6 3. Bb5 a6 4. Ba4 Nf6 5. 0-0 Be7 6. Re1 b5 7. Bb3 0-0 8. c3 d6 9. h3 Nb8 10. d4 Nbd7 11. Nbd2 Re8 12. Bxf7+ Kh8 1-0

[Event "Amantea op 12th"]
[Site "Amantea"]
[Date "2014.09.13"]
[Round "8"]
[White "Meertens, Martin"]
[Black "Solomon, Kenny"]
[Result "0-1"]
[WhiteElo "2140"]
[BlackElo "2378"]
[PlyCount "58"]
[EventDate "2014.09.07"]
[EventType "swiss"]
[EventRounds "9"]
[EventCountry "ITA"]
[SourceTitle "CBM 162 Extra"]
[Source "ChessBase"]
[SourceDate "2014.10.17"]
[SourceVersion "1"]
[SourceVersionDate "2014.10.17"]
[SourceQuality "1"]

1. e4 d6 2. d4 Nf6 3. Nc3 g6 4. Nf3 Bg7 5. Be2 0-0 6. 0-0 c6 7. h3 Nbd7 8. Re1 e5 9. Bf1 Qe7 10. a4 a5 11. Bg5 h6 12. Be3 exd4 13. Bxd4 Rd8 14. Qd2 Ne5 15. Nh2 g5 16. Rad1 Re8 17. f4 gxf4 18. Qxf4 Nh5 19. Qf2 Bf6 20. g3 Kh7 21. Bg2 Rg8 22. Ne2 Be6 23. Nf1 Rg6 24. Kh2 Rag8 25. Nf4 Nxg3 26. Nxg6 Nxf1+ 27. Rxf1 Rxg6 28. Qe1 Bh4 29. Bf2 Qg5 0-1

[Event "Amantea op 12th"]
[Site "Amantea"]
[Date "2014.09.09"]
[Round "3"]
[White "Vovk, Andrey"]
[Black "Meertens, Martin"]
[Result "1-0"]
[WhiteElo "2625"]
[BlackElo "2140"]
[PlyCount "63"]
[EventDate "2014.09.07"]
[EventType "swiss"]
[EventRounds "9"]
[EventCountry "ITA"]
[SourceTitle "CBM 162 Extra"]
[Source "ChessBase"]
[SourceDate "2014.10.17"]
[SourceVersion "1"]
[SourceVersionDate "2014.10.17"]
[SourceQuality "1"]

1. e4 c5 2. Nf3 d6 3. d4 cxd4 4. Nxd4 Nf6 5. Nc3 e6 6. Be3 a6 7. Be2 Be7 8. f4 Qc7 9. g4 Nc6 10. Bf3 Nxd4 11. Bxd4 e5 12. Be3 exf4 13. Bxf4 Be6 14. Qe2 Nd7 15. 0-0-0 0-0 16. g5 Ne5 17. h4 Rac8 18. Bxe5 dxe5 19. Nd5 Bxd5 20. exd5 b5 21. Kb1 b4 22. Be4 f5 23. gxf6 Rxf6 24. Qd3 h6 25. Bf5 Rd8 26. Qh3 Rdf8 27. Bd3 Rf4 28. Qe6+ Kh8 29. Qg6 Kg8 30. Qh7+ Kf7 31. Bg6+ Kf6 32. Bh5 1-0

[Event "Arber op 3rd"]
[Site "Bayerisch Eisenstein"]
[Date "2014.08.20"]
[Round "5"]
[White "Meertens, Martin"]
[Black "Strangmueller, Andreas"]
[Result "1-0"]
[WhiteElo "2168"]
[BlackElo "2005"]
[PlyCount "77"]
[EventDate "2014.08.16"]
[EventType "swiss"]
[EventRounds "9"]
[EventCountry "GER"]
[SourceTitle "CBM 161 Extra"]
[Source "ChessBase"]
[SourceDate "2014.08.29"]
[SourceVersion "1"]
[SourceVersionDate "2014.08.29"]
[SourceQuality "1"]

1. Nf3 d5 2. d4 Nf6 3. c4 c6 4. Nc3 dxc4 5. a4 Bf5 6. e3 e6 7. Bxc4 Bb4 8. 0-0 Nbd7 9. Qe2 Bg6 10. Ne1 Nb6 11. Bb3 Nbd5 12. Bd2 Qa5 13. Rc1 Qb6 14. Bc4 0-0 15. Nd3 Be7 16. a5 Qd8 17. Ne5 Rc8 18. a6 b6 19. Rfd1 b5 20. Nxg6 hxg6 21. Nxd5 exd5 22. Bd3 Qb6 23. Ra1 b4 24. Rdc1 c5 25. dxc5 Rxc5 26. Rxc5 Bxc5 27. Qf3 Re8 28. h4 Ne4 29. Bxe4 dxe4 30. Qe2 Qf6 31. Qb5 Re5 32. Bxb4 Bb6 33. Qd7 Qxh4 34. Qc8+ Kh7 35. Qh3 Qxh3 36. gxh3 Rh5 37. Bc3 Rxh3 38. Ra4 f5 39. Rb4 1-0

[Event "Muensterland op 31st"]
[Site "Senden"]
[Date "2013.10.30"]
[Round "5"]
[White "Beutelhoff, Josef"]
[Black "Meertens, Martin"]
[Result "1/2-1/2"]
[WhiteElo "2085"]
[BlackElo "2174"]
[PlyCount "59"]
[EventDate "2013.10.27"]
[EventType "swiss"]
[EventRounds "9"]
[EventCountry "GER"]
[SourceTitle "EXT 2014"]
[Source "ChessBase"]
[SourceDate "2013.11.20"]
[SourceVersion "1"]
[SourceVersionDate "2013.11.20"]
[SourceQuality "1"]

1. d4 Nf6 2. c4 e6 3. Nc3 Bb4 4. Qc2 c5 5. dxc5 Bxc5 6. Nf3 Qb6 7. e3 Qc7 8. a3 b6 9. b4 Be7 10. Bd3 Bb7 11. e4 Nc6 12. Nb5 Qb8 13. Bb2 d6 14. 0-0 0-0 15. Rfe1 Ne5 16. Nxe5 dxe5 17. Nc3 a5 18. b5 Rd8 19. Na4 Qc7 20. Rad1 Nd7 21. f3 Nc5 22. Nxc5 Bxc5+ 23. Kh1 Rd7 24. Be2 Rad8 25. Rxd7 Rxd7 26. Rd1 Bd4 27. Bc1 h6 28. Bf1 Kf8 29. Be2 Kg8 30. Bf1 1/2-1/2